Inobasyon sa wikang Filipino / (Record no. 10653)

MARC details
000 -LEADER
fixed length control field 00987nam a2200289 4500
003 - CONTROL NUMBER IDENTIFIER
control field URS
005 - DATE AND TIME OF LATEST TRANSACTION
control field 20220117100022.0
008 - FIXED-LENGTH DATA ELEMENTS--GENERAL INFORMATION
fixed length control field 200203b ||||| |||| 00| 0 eng d
020 ## - INTERNATIONAL STANDARD BOOK NUMBER
International Standard Book Number 9789718218075
040 ## - CATALOGING SOURCE
Original cataloging agency URS
Language of cataloging Tagalog
Transcribing agency URS
Modifying agency URS
Description conventions rda
050 ## - LIBRARY OF CONGRESS CALL NUMBER
Classification number PL6054
Item number .In71 2018
245 ## - TITLE STATEMENT
Title Inobasyon sa wikang Filipino /
Statement of responsibility, etc Mary Ann S. Sandoval...[and five others].
260 ## - PUBLICATION, DISTRIBUTION, ETC. (IMPRINT)
Place of publication, distribution, etc Malabon City :
Name of publisher, distributor, etc Mutya Publishing House, Incorporated,
Date of publication, distribution, etc ©2018.
300 ## - PHYSICAL DESCRIPTION
Extent 223 pages :
Other physical details illustrations ;
Dimensions 26 cm.
336 ## - CONTENT TYPE
Content type term text
Content type code txt
Source rdacontent
337 ## - MEDIA TYPE
Media type term unmediated
Media type code n
Source rdamedia
338 ## - CARRIER TYPE
Carrier type term volume
Carrier type code nc
Source rdacarrier
650 #0 - SUBJECT ADDED ENTRY--TOPICAL TERM
Topical term or geographic name as entry element Filipino language
General subdivision Study and teaching.
650 #0 - SUBJECT ADDED ENTRY--TOPICAL TERM
Topical term or geographic name as entry element Filipino language
General subdivision Grammar.
700 ## - ADDED ENTRY--PERSONAL NAME
Personal name Sandoval, Mary Ann S.
Relator term author
700 ## - ADDED ENTRY--PERSONAL NAME
Personal name Ijan, Melban B.
Relator term author.
700 ## - ADDED ENTRY--PERSONAL NAME
Personal name Dizon, Rosario B.
Relator term author.
700 ## - ADDED ENTRY--PERSONAL NAME
Personal name Banawa, Marie Joy D.
Relator term author.
700 ## - ADDED ENTRY--PERSONAL NAME
Personal name Sajulga, Airen C.
Relator term author.
700 ## - ADDED ENTRY--PERSONAL NAME
Personal name Tiosen, Reynaldo B.
Relator term author.
942 ## - ADDED ENTRY ELEMENTS (KOHA)
Source of classification or shelving scheme Library of Congress Classification
Koha item type Filipiniana
Holdings
Withdrawn status Lost status Source of classification or shelving scheme Damaged status Not for loan Collection code Home library Current library Shelving location Date acquired Source of acquisition Total Checkouts Full call number Barcode Date last seen Copy number Koha item type
    Library of Congress Classification     Non-fiction Taytay College Library Taytay College Library Filipiniana Section 02/03/2020 Donation   PL6054 .In71 2018 URSTAY-4556 06/02/2025 1 Filipiniana

University of Rizal System
Email us at univlibservices@urs.edu.ph

Visit our Website www.urs.edu.ph/library